Central Library OPAC University of Rajshahi

Philosophy of scientific method / (Record no. 31904)

MARC details
000 -LEADER
fixed length control field 00912nam a22002898a 4500
001 - CONTROL NUMBER
control field 31904
003 - CONTROL NUMBER IDENTIFIER
rucl marc code BD-RjUL
005 - DATE AND TIME OF LATEST TRANSACTION
control field 20211209051750.0
008 - FIXED-LENGTH DATA ELEMENTS--GENERAL INFORMATION
fixed length control field 140422s1950 nyu b 001 0 eng
035 ## - SYSTEM CONTROL NUMBER
System control number (BD-RjUL)31992
040 ## - CATALOGING SOURCE
Original cataloging agency DLC
Transcribing agency DLC
Modifying agency DLC
-- BD-RjUL
Language of cataloging eng
041 ## - LANGUAGE CODE
Language code of text/sound track or separate title eng
082 00 - DEWEY DECIMAL CLASSIFICATION NUMBER
Classification number 501
Edition number 22
Author mark and year MIP 1950
100 1# - MAIN ENTRY--PERSONAL NAME
Personal name Mill, John Stuart,
Dates associated with a name 1806-1873.
9 (RLIN) 97115
245 10 - TITLE STATEMENT
Title Philosophy of scientific method /
Statement of responsibility, etc. John Stuart Mill ; edited with an introduction by Ernest Nagel.
260 ## - PUBLICATION, DISTRIBUTION, ETC. (IMPRINT)
Place of publication, distribution, etc. NY :
Name of publisher, distributor, etc. Hafner Publications,
Date of publication, distribution, etc. c1950
263 ## - PROJECTED PUBLICATION DATE
Projected publication date 0509
300 ## - PHYSICAL DESCRIPTION
Pagination l, 461 p. ;
Size 23 cm.
504 ## - BIBLIOGRAPHY, ETC. NOTE
Bibliography, etc Includes bibliographical references and index.
600 10 - SUBJECT ADDED ENTRY--PERSONAL NAME
Personal name Hamilton, William,
Titles and other words associated with a name Sir,
Dates associated with a name 1788-1856.
650 #0 - SUBJECT ADDED ENTRY--TOPICAL TERM
Topical term or geographic name as entry element Science
General subdivision Methodology.
9 (RLIN) 97117
Topical term or geographic name as entry element Logic.
9 (RLIN) 97118
Topical term or geographic name as entry element Knowledge, Theory of.
9 (RLIN) 97119
942 ## - ADDED ENTRY ELEMENTS (KOHA)
Source of classification or shelving scheme Dewey Decimal Classification
Koha item type Books
Holdings
Lost status Source of classification or shelving scheme Damaged status Not for loan Collection code Permanent Location Current Location Shelving location Date acquired Source of acquisition Cost, normal purchase price Total Checkouts Full call number Date last seen Copy number Koha item type
  Dewey Decimal Classification   Not For Loan Non-fiction Central Library, University of Rajshahi Central Library, University of Rajshahi Reading Room 11/03/1963 Zeitlinger 14.00   501 MIP 1950 22/04/2014 C-1 Books
  Dewey Decimal Classification     Non-fiction Central Library, University of Rajshahi Central Library, University of Rajshahi   01/11/1965 Zeitlinger 15.60   501 MIP 1950 22/04/2014 C-2 Books
  Dewey Decimal Classification     Non-fiction Central Library, University of Rajshahi Central Library, University of Rajshahi   01/11/1965 Zeitlinger 15.60   501 MIP 1950 22/04/2014 C-3 Books